LEADER 02559nam2 22003973i 450 001 CAG0807646 005 20170908093257.0 100 $a20061016d1883 ||||0itac50 ba 101 | $alat 102 $afr 181 1$6z01$ai $bxxxe 182 1$6z01$an 200 1 $a˜23: œSancti Eusebii Hieronymi stridonensis presbyteri opera omnia, post monachorum ordinis s. Benedicti e congregatione S. Mauri$esed potissimum d. Joannis Martianæi, recensionem ... notis et observationibus illustrata, studio et labore Vallarsii et Maffæii ...$eeditio parisiorum novissima, juxta secundam ab ipsis veronensibus iteratis curis recensitam typis repetita$etomus secundus$faccurante et denuo recognoscente J.-P. Migne 210 $aParisiis$capud Garnier fratres et J.-P. Migne successores$d1883 215 $a1672 col.$d28 cm 300 $aIn testa al front.: Traditio catholica sæculum 5. annus 420. 461 1$1001PUV0698208$12001 $aPatrologiae cursus completus, seu bibliotheca universalis, integra, uniformis, commoda, oeconomica, omnium SS. Patrum, doctorum scriptorumque ecclesiasticorum, sive latinorum, qui ab aevo apostolico ad tempora Innocentii 3. (anno 1216) pro Latinis et Concilii Florentini (ann. 1439) pro Graecis floruerunt: Recusio chronologica ...$cSeries latina, in qua prodeunt patres, doctores scriptoresque ecclesiae latinae a Tertulliano ad Innocentim 3.$faccurante J. P. Migne$v23 700 0$aHieronymus$c $3CFIV010145$4070$0187193 702 1$aMaffei$b, Scipione$3CFIV080201 702 1$aVallarsi$b, Domenico$3MILV025257 702 1$aMartianay$b, Jean$f <1647-1717>$3TO0V371862 790 0$aGerolamo$c $3CFIV082334$zHieronymus 790 0$aJerôme$c $3CFIV156834$zHieronymus 790 0$aJerónimo$3IEIV087260$zHieronymus 790 0$aGirolamo$c $3MILV186364$zHieronymus 790 0$aHieronymus : Stridonensis$3MILV327573$zHieronymus 790 1$aHieronymus$b, Sophronius Eusebius$3TSAV367348$zHieronymus 790 1$aBrenteatico$b, Orillo$3MUSV010487$zMaffei, Scipione 790 1$aPindemonte$b, Desiderato$3SBNV014599$zMaffei, Scipione 801 3$aIT$bIT-NA0079$c20061016 850 $aIT-BN0064 912 $aCAG0807646 950 2$aBiblioteca Pio XI del Seminario arcivescovile$cV. 1-23$d BPPATROL. B 1$e BP 0000023425 R (23 v. 23$fZ $h20061016$i20061016 977 $a BP 996 $aSancti Eusebii Hieronymi stridonensis presbyteri Opera omnia$9154918 997 $aUNISANNIO LEADER 01607nam0 22003011i 450 001 RML0236443 005 20231121125702.0 100 $a20121121d1989 ||||0itac50 ba 101 | $aeng 102 $aus 181 1$6z01$ai $bxxxe 182 1$6z01$an 200 1 $aMethods of mathematical physics$fby R. Courant and D. Hilbert 210 $aNew York $cJohn Wiley & Sons $d1989 215 $a2 v.$cfig.$d23 cm 676 $a530.1$9Fisica. Teorie e fisica matematica$v21 700 1$aCourant$b, Richard$3RMLV150898$0331066 701 1$aHilbert$b, D.$3RMLV150897$0547784 801 3$aIT$bIT-01$c20121121 850 $aIT-FR0098 $aIT-FR0099 899 $aBiblioteca Area Giuridico Economica$bFR0098 899 $aBiblioteca Area Ingegneristica$bFR0099 912 $aRML0236443 950 0$aBiblioteca Area Giuridico Economica$d 53TER 511.8/12.1$e 53VM 0000050915 VM barcode:ECO007658. - Inventario:1667. - Fondo:Sala consultazioneVM$fA $h19940505$i20121204$d 53TER 511.8/12.2$e 53VM 0000050895 VM barcode:0004379. - Inventario:1668. - Fondo:Sala consultazioneVM$fA $h19940505$i20121204 950 0$aBiblioteca Area Ingegneristica$d 54DII 530.1 COU II$e 54VM 0000050905 VM barcode:BAIN004083. - Inventario:1373DVM$fA $h20080318$i20121204$d 54DII 530.1 COU I$e 54VM 0000050885 VM barcode:BAIN001552. - Inventario:929DVM$fA $h20040316$i20121204 977 $a 53$a 54 996 $aMethods of mathematical physics$93619436 997 $aUNICAS